| 000 | 01044nam0a22002291 4500 | ||
|---|---|---|---|
| 001 | rc\158132 | ||
| 005 | 20250620212612.0 | ||
| 035 | _a(NLR Aleph) 005424417 | ||
| 090 |
_a7510414 _c7510414 |
||
| 100 | _a20030307d1995 |||y0rusy50 ca | ||
| 101 | 0 | _arus | |
| 102 | _aRU | ||
| 105 | _aa ||||||||| | ||
| 200 | 1 |
_aМетодические рекомендации по созданию параметрических прогнозно-поисковых геолого-геохимических моделей колчеданных месторождений _fКом. Рос. Федерации по геологии и использ. недр _gРос. акад. наук. Ин-т минералогии, геохимии и кристаллохимии ред. элементов _g[Сост. С.В. Галюк] |
|
| 210 |
_aМ. _cИМГРЭ _d1995 |
||
| 215 |
_a47 с. _cил. _d20 |
||
| 320 | _aБиблиогр.: с. 45-46 | ||
| 801 | 0 |
_aRU _bNLR _gpsbo |
|
| 801 | 1 |
_aRU _bELAR _2rusmarc |
|
| 852 |
_aNLR _j95-4/12226 |
||
| 942 | _cBOOK | ||
| 980 | _aNB | ||